| Tag |
First Indicator |
Second Indicator |
Subfields |
| LEADER |
00000cam a2200000 a 4500 |
| 001 |
in00001406764 |
| 005 |
20151020072920.0 |
| 008 |
900413s1989 alua b f000 0 eng d |
| 035 |
|
|
|a (OCoLC)21368608
|
| 035 |
|
|
|9 AHQ3720AM
|
| 040 |
|
|
|a MHR
|c MHR
|d TXA
|d UtOrBLW
|
| 043 |
|
|
|a n-us---
|
| 049 |
|
|
|a TXAM
|
| 090 |
|
|
|a UG1530
|b .C87 1989
|
| 100 |
1 |
|
|a Currie-McDaniel, Ruth.
|
| 245 |
1 |
4 |
|a The U.S. Army Strategic Defense Command :
|b its history and role in the strategic defense initiative /
|c by Ruth Currie-McDaniel and Claus R. Martel.
|
| 250 |
|
|
|a 3rd ed.
|
| 264 |
|
1 |
|a [Huntsville, Ala.] :
|b Historical Office, U.S. Army Strategic Defense Command,
|c 1989.
|
| 300 |
|
|
|a vii, 83 pages :
|b illustrations ;
|c 22 cm.
|
| 336 |
|
|
|a text
|b txt
|2 rdacontent
|
| 337 |
|
|
|a unmediated
|b n
|2 rdamedia
|
| 338 |
|
|
|a volume
|b nc
|2 rdacarrier
|
| 504 |
|
|
|a Includes bibliographical references (pages 75-80).
|
| 610 |
2 |
0 |
|a U.S. Army Strategic Defense Command.
|
| 650 |
|
0 |
|a Strategic Defense Initiative.
|
| 650 |
|
0 |
|a Ballistic missile defenses
|z United States.
|
| 700 |
1 |
|
|a Martel, Claus R.
|
| 710 |
2 |
|
|a U.S. Army Strategic Defense Command.
|
| 948 |
|
|
|a cc:br
|
| 999 |
|
|
|a MARS
|
| 999 |
f |
f |
|s 79d50173-f710-37e9-9fbc-74feed0c0bf6
|i 9fa72d3b-2aea-3e3f-b6e9-a486a589e92d
|t 0
|
| 952 |
f |
f |
|p noncirc
|a Texas A&M University
|b College Station
|c Cushing Memorial Library & Archives
|d Cushing: Ragan Military (Does not check out)
|t 0
|e UG1530 .C87 1989
|h Library of Congress classification
|i unmediated -- volume
|
| 998 |
f |
f |
|a UG1530 .C87 1989
|t 0
|l Cushing: Ragan Military (Does not check out)
|